000
00179 a2200097 4500
001
3343
100
_a
Oman, C
245
_a
Nelson
260
_a
_b
Hodder
_c
090
_c
2621
_d
2621
942
_a
NUST-CAE
_c
M
_c
18014
999
_c
238416
_d
238416